=LDR 00000nam 2200000 4500 =001 INLIS000000000009582 =005 20130612101354 =008 ***********************************Ind** =035 ##$$0010-061300000009582 =041 ##$$a Ind =082 ##$$a 2x6 209 598 =090 ##$$a 2x6 209 598, Sya s =245 ##$$a Syariat Islam Yez Syariat Islam =260 ##$$a 2001 $b Jakarta =300 ##$$a 234 hlm, 21 cm =650 ##$$a Islam =850 ##$$a NBPNMAT